[Event "Belgian Interteams 1999-2000"]
[Site "Antwerp BEL"]
[Date "1999.12.??"]
[Round "6"]
[White "Schebler,G"]
[Black "De Bruycker,B"]
[Result "1/2-1/2"]
[WhiteElo "2477"]
[BlackElo "2202"]

1.e4 g6 2.d4 Bg7 3.Nc3 c6 4.Nf3 d5 5.h3 Nf6 6.e5 Ne4 7.Nxe4 dxe4 8.Ng5 f6
9.exf6 Bxf6 10.Nxe4 Qxd4 11.Nxf6+ Qxf6 12.Be3 O-O 13.Qd4 Be6 14.Bc4 Nd7 15.Qxf6 Rxf6
16.Be2 Nb6 17.O-O-O Bc4 18.Rhe1 Bxe2 19.Rxe2 Re6 20.Rde1 Kf7 21.Bg5 Rxe2
22.Rxe2 Nd5 23.Re4 Rd8 24.Rd4 Rd6 25.c4 Nb4 26.Rxd6 exd6 27.Bd2 Nd3+ 28.Kc2 Nxf2
29.Be3 Ne4 30.Bxa7 c5 31.b4 cxb4 32.Kb3 Ke6 33.Kxb4 Kd7 34.Be3 Kc6 35.Bd4 h5
36.Be3 g5 37.Kb3 g4 38.Kc2 gxh3 39.gxh3 d5 40.Kd3 Nd6 41.cxd5+ Kxd5 42.Bb6 Ne4
43.Be3 b5 44.Bh6 Nf2+ 45.Ke2 Nxh3 46.Kf3 b4 47.Kg2  1/2-1/2

[Event "Agneaux St Lo op"]
[Site "Agneaux"]
[Date "1999.??.??"]
[Round "2"]
[White "Georgiev, Krum"]
[Black "Martinet, Regis"]
[Result "1-0"]
[WhiteElo "2490"]
[BlackElo "1970"]

1.e4 c6 2.Nc3 g6 3.d4 Bg7 4.Bc4 b5 5.Bb3 b4 6.Nce2 d5 7.Nf3 Bg4 8.Ne5 Bxe2
9.Qxe2 Nf6 10.exd5 Nxd5 11.h4 Qb6 12.Qe4 e6 13.h5 Nd7 14.h6 Bf6 15.f4 Rd8
16.Bd2 Be7 17.g4 Nxe5 18.fxe5 c5 19.Ba4+ Kf8 20.O-O cxd4 21.Qf3 f5 22.exf6 Bc5
23.f7 Ne3 24.Qf6 Nxf1 25.Qg7+  1-0

[Event "Agneaux St Lo op"]
[Site "Agneaux"]
[Date "1999.??.??"]
[Round "3"]
[White "Molnar, Bela"]
[Black "Decosse, Jean Fabien"]
[Result "1-0"]
[WhiteElo "2070"]
[BlackElo "2365"]

1.e4 g6 2.d4 Bg7 3.Nc3 c6 4.f4 d5 5.e5 h5 6.Nf3 Bg4 7.Be3 Nh6 8.h3 Bxf3 9.Qxf3 h4
10.g4 hxg3 11.e6 fxe6 12.Qxg3 Nf5 13.Qxg6+ Kd7 14.Bf2 Bxd4 15.Bxd4 Nxd4 16.O-O-O c5
17.f5 exf5 18.Nxd5 Qg8 19.Qxg8 Rxg8 20.c3  1-0

[Event "Agneaux St Lo op"]
[Site "Agneaux"]
[Date "1999.??.??"]
[Round "4"]
[White "Gicquel, Frederic"]
[Black "Popescu, Daniel Dorin"]
[Result "*"]
[WhiteElo "2070"]
[BlackElo "2365"]

1.e4 g6 2.d4 Bg7 3.Nc3 c6 4.f4 d5 5.e5 Nh6 6.Nf3 Bg4 7.Be2 Bxf3 8.Bxf3 Nf5
9.O-O h5 10.Ne2 e6 11.b3 Qb6 12.Kh1 Bf8 13.c4 Be7 14.Qd3 Na6 15.c5 Qd8 16.Rb1 Nc7
17.b4 b5 18.cxb6 axb6 19.Qc2 Qd7 20.a4 b5 21.a5 Na6 22.Bd2 O-O-O 23.Rfc1 Kb7
24.Rb3 h4 25.Qd3 Rdg8 26.Ng1 f6 27.Nh3 g5 28.fxg5 fxg5 29.Nf2 Rc8 30.Ng4 Qe8
31.Kg1 Qf8 32.Bxd5 exd5 33.Rf1 Nxb4 34.Bxb4 Bxb4 35.Rxf5 Qe7 36.Nf6 Rhd8
37.Rxg5 Bxa5 38.Rh5 Rc7 39.Rh7 Qf8 40.Rxh4 Bb6 41.g4 Ra8 42.g5 Ra1+ 43.Kg2 Qa8
44.Rf4 Qa2+ 45.Kh3 Rg1 46.Ng4 Qg2+ 47.Kh4 Ba5 48.Qf5 Bd2 49.Rff3 Qxg4+ 50.Qxg4 Rh7+  *

[Event "Alushta3"]
[Site "Alushta"]
[Date "1999.??.??"]
[Round "?"]
[White "Kovchan, Alexander"]
[Black "Askarian, Karen"]
[Result "1-0"]
[WhiteElo "2369"]
[BlackElo "2295"]

1.e4 g6 2.d4 Bg7 3.Nc3 c6 4.f4 d5 5.e5 h5 6.Nf3 Nh6 7.Be3 Bg4 8.Be2 e6 9.Bf2 Nf5
10.g3 h4 11.Nxh4 Bxe2 12.Nxe2 Nxh4 13.gxh4 Bf8 14.Ng1 Qb6 15.Qc1 c5 16.Nf3 Nc6
17.dxc5 Bxc5 18.Bxc5 Qxc5 19.Qd2 O-O-O 20.O-O-O Kb8 21.Kb1 Ne7 22.Qe1 Nf5
23.Rg1 Qc4 24.Ng5 Rd7 25.Rg4 Rc7 26.c3 Qc5 27.Rd3 Qc4 28.Qd2 Rh5 29.b3 Qc6
30.Nf3 Rc8 31.Rg5 Rhh8 32.h5 Rxh5 33.Rxh5 gxh5 34.Nd4 Nxd4 35.cxd4 Rg8 36.Rh3 Qb5
37.Qf2 a6 38.Kb2 Rh8 39.f5 Ka7 40.f6 Qb6 41.Rg3 Rc8 42.Rg7 Rc7 43.Rh7 Qb4
44.Qe3 a5 45.Rxh5 a4 46.Rh3 a3+ 47.Kb1 b6 48.Rg3 Rc4 49.Rg7 Rxd4 50.Rxf7+ Ka6
51.Rc7 Re4 52.Qd3+ b5 53.Rc6+ Kb7 54.Rc1 Re1 55.f7 Rxc1+ 56.Kxc1 Qe1+ 57.Kc2 Qf2+
58.Kd1  1-0

[Event "Bad Woerishofen op"]
[Site "Bad Woerishofen"]
[Date "1999.??.??"]
[Round "2"]
[White "Reefschlaeger, Helmut"]
[Black "Hoennekes, Klaus"]
[Result "1-0"]
[WhiteElo "2372"]
[BlackElo "2143"]

1.d4 g6 2.e4 Bg7 3.Nc3 c6 4.Nf3 d5 5.h3 Nf6 6.Bd3 dxe4 7.Nxe4 Nxe4 8.Bxe4 Nd7
9.O-O O-O 10.c3 c5 11.Be3 cxd4 12.Nxd4 a6 13.Qe2 Qc7 14.Rfd1 Nc5 15.Bc2 e5
16.Nf3 Ne6 17.a4 Bd7 18.Bb3 Rfe8 19.a5 Bb5 20.Qc2 Rac8 21.Bd5 Bc6 22.Qb3 Qe7
23.Bxc6 Rxc6 24.Rd5 Nf8 25.Rad1 h6 26.Bb6 g5 27.Bd8 Qe6 28.Qxb7 e4 29.Nh2 e3
30.fxe3 Qxe3+ 31.Kh1 Rce6 32.Rf5 f6 33.Qd5 Kh8 34.Ng4 Qg3 35.Bxf6 Ng6 36.Bxg7+ Kxg7
37.Qd4+  1-0

[Event "Regionalliga SO9899"]
[Site "Bayern"]
[Date "1999.??.??"]
[Round "?"]
[White "Anka, Emil"]
[Black "Kohout, Peter"]
[Result "1-0"]
[WhiteElo "2375"]
[BlackElo "2285"]

1.e4 c6 2.d4 g6 3.Nc3 Bg7 4.Be3 d6 5.f4 d5 6.e5 h5 7.Nf3 Nh6 8.Be2 Bg4 9.h3 Bxf3
10.Bxf3 h4 11.Bf2 e6 12.Ne2 Bf8 13.O-O Nd7 14.b3 Be7 15.c4 Kf8 16.c5 Kg7
17.b4 a5 18.a3 b5 19.a4 Qb8 20.axb5 Qxb5 21.Qa4 Qxa4 22.Rxa4 axb4 23.Rxb4 Rhb8
24.Rfb1 Rxb4 25.Rxb4 Ra7 26.Rb1 g5 27.Be3 Nf5 28.Bf2 f6 29.Bg4 Kg6 30.Kf1 Ng7
31.Be3 gxf4 32.Nxf4+ Kf7 33.exf6 Nxf6 34.Rb6 Rc7 35.Nd3 Nd7 36.Bf4 Rc8 37.Rb7 Ke8
38.Ne5 Nxe5 39.Bxe5 Nf5 40.Bxf5 exf5 41.Ke2 Ra8 42.Kf3 Bg5 43.Rg7 Ra3+ 44.Ke2 Ra2+
45.Kd3 Ra3+ 46.Kc2 Be3 47.Rc7 Ra6 48.Kb3 Bf2 49.Rg7 Ra1 50.Rg6 Rg1 51.Rxc6 Rxg2
52.Re6+ Kd7 53.Rd6+ Ke8 54.Rxd5 Bg3 55.Bxg3 Rxg3+ 56.Kc4 f4 57.Rf5 f3 58.Kd5 Rxh3
59.Kc6 Kd8 60.d5 Rg3 61.d6 Rg8 62.Rxf3 Rh8 63.Ra3  1-0

[Event "Regionalliga NW9899"]
[Site "Bayern"]
[Date "1999.??.??"]
[Round "?"]
[White "Konik, Michael"]
[Black "Breithut, Kurt Georg"]
[Result "1-0"]
[WhiteElo "1960"]
[BlackElo "2100"]

1.d4 g6 2.Nc3 Bg7 3.e4 c6 4.Bc4 d6 5.Nf3 Bd7 6.O-O e5 7.dxe5 dxe5 8.Ng5 Nh6
9.Qd6 b5 10.Nxb5 cxb5 11.Bd5 f6 12.Ne6 Bxe6 13.Qxe6+ Qe7 14.Qc8+ Qd8 15.Qxd8+ Kxd8
16.Bxa8 Na6 17.Be3 Nc7 18.Bc6 a6 19.Rad1+ Kc8 20.Rd7 Ne6  1-0

[Event "Regionalliga NW9899"]
[Site "Bayern"]
[Date "1999.??.??"]
[Round "?"]
[White "Fischer, Emil"]
[Black "Breithut, Kurt Georg"]
[Result "0-1"]
[WhiteElo "2185"]
[BlackElo "2095"]

1.e4 g6 2.d4 Bg7 3.Nc3 c6 4.g3 d5 5.exd5 cxd5 6.Bg2 Nf6 7.Nge2 O-O 8.O-O Nc6
9.h3 b6 10.Bg5 e6 11.Qd2 Ba6 12.Rfe1 Ne7 13.Bh6 Bxh6 14.Qxh6 Nf5 15.Qd2 Rc8
16.g4 Nd6 17.Ng3 Nc4 18.Qc1 Ne8 19.Nce2 Qf6 20.c3 Ncd6 21.Nf4 Ng7 22.Rb1 Rfd8
23.Nxd5 exd5 24.g5 Qe6 25.Rxe6 fxe6 26.Qd1 Rc7 27.Qd2 Rf7 28.Nf1 Ndf5 29.Nh2 Rdf8
30.Ng4 Nh5 31.Re1 Re7 32.b3 Nh4 33.Qe3 Nf5 34.Qe5 Bd3 35.Re3 Bb1 36.Rf3 Nhg7
37.a3 Ba2 38.Nf6+ Kh8 39.Nxd5 Ref7 40.Nf6 Bxb3 41.Rf4 Bc4 42.Be4 a5 43.Bxf5 exf5
44.d5 Bxd5 45.Qxd5 h6 46.Rh4 Nh5 47.Nxh5 hxg5 48.Nf4+ gxh4 49.Nxg6+ Kg7 50.Nxf8 Rxf8
51.Qd4+ Rf6 52.a4 f4 53.Kf1 Kg6 54.Ke2 Kg5 55.Kf3 Kf5 56.c4 Kg5 57.Qe5+ Rf5
58.Qg7+ Kh5 59.Qg4+  0-1

[Event "Regionalliga NO9899"]
[Site "Bayern"]
[Date "1999.??.??"]
[Round "?"]
[White "Dickl, Errol"]
[Black "Zollstab, Juergen"]
[Result "1/2-1/2"]
[WhiteElo "2050"]
[BlackElo "2055"]

1.e4 g6 2.d4 Bg7 3.Nc3 c6 4.Be3 d5 5.Qd2 h5 6.e5 Bf5 7.f4 Nh6 8.h3 Nd7 9.Nf3 b5
10.Be2 Nb6 11.Bf2 a5 12.O-O Qd7 13.Ng5 O-O 14.b3 f6 15.Nf3 Kh7 16.Nd1 Be4
17.Ne3 Bxf3 18.Bxf3 fxe5 19.fxe5 Rxf3 20.gxf3 Qxh3 21.Be1 Nf5 22.Nxf5 Qxf5
23.Qd3 Qe6 24.Kg2 Nd7 25.Bd2 a4 26.Bg5 c5 27.f4 cxd4 28.f5 gxf5 29.Qxf5+ Qxf5
30.Rxf5 e6 31.Rf7 Nxe5 32.Re7 Kg6 33.Bh4 Ra6 34.Rf1 Ng4 35.Rff7 Bh6 36.Rc7 axb3
37.axb3 Ra2 38.Rf3 Ne3+ 39.Kh3 Bg5 40.Rc6 Bxh4 41.Rxe6+ Kg7 42.Kxh4 Rxc2  1/2-1/2

[Event "Regionalliga SW9899"]
[Site "Bayern"]
[Date "1999.??.??"]
[Round "?"]
[White "Petursson, Palmi"]
[Black "Hoennekes, Klaus"]
[Result "1-0"]
[WhiteElo "2180"]
[BlackElo "2065"]

1.e4 g6 2.d4 Bg7 3.Nc3 c6 4.f4 d5 5.e5 h5 6.Nf3 Bg4 7.h3 Bxf3 8.Qxf3 e6 9.Be3 h4
10.O-O-O Nh6 11.Ne2 Nf5 12.Bf2 Nd7 13.g4 hxg3 14.Nxg3 Qa5 15.Nxf5 gxf5 16.Kb1 O-O-O
17.h4 Kb8 18.h5 Rc8 19.c3 Bf8 20.Bh4 Qb6 21.Bg5 c5 22.h6 c4 23.h7 Qc7 24.Qh5 f6
25.exf6 Bd6 26.Qf7 Nf8 27.Qg8 Rxh7 28.Bg2 Rxh1 29.Rxh1 Bxf4 30.Bxf4 Qxf4
31.Rh8 Qd6 32.Qg7 Re8 33.Qf7 Qd8 34.Bf3 Qc8 35.Bh5 Rd8 36.Qe7 a6 37.a3 Ka7
38.f7 Qb8 39.Qe8 Qd6 40.Kc2 b5 41.Bf3 Rb8 42.Rxf8 Qxf8 43.Qxe6 Rb7 44.Bxd5 Re7
45.Qxf5 Re2+ 46.Kb1 Kb6 47.Qg6+ Ka5  1-0

[Event "Regionalliga NW9899"]
[Site "Bayern"]
[Date "1999.??.??"]
[Round "?"]
[White "Kudlich, Harald"]
[Black "Ruetzel, Wolfgang"]
[Result "0-1"]
[WhiteElo "1875"]
[BlackElo "2065"]

1.e4 g6 2.d4 Bg7 3.Nc3 c6 4.Nf3 d5 5.Be2 dxe4 6.Nxe4 Bg4 7.c3 Nd7 8.O-O Ngf6
9.Nxf6+ Nxf6 10.h3 Bxf3 11.Bxf3 e6 12.Qb3 Qb6 13.Bf4 O-O 14.Rfe1 Nd7 15.Be3 Rfe8
16.Qc2 Qc7 17.Rad1 Rad8 18.Bg5 Rc8 19.Qd2 Nb6 20.Be2 e5 21.dxe5 Bxe5 22.Bf3 f6
23.Be3 Rcd8 24.Qc2 Qf7 25.Qb3 Bc7 26.g3 Qxb3 27.axb3 Kf7 28.Kg2 a6 29.Be2 Rxd1
30.Rxd1 Rd8 31.Rxd8 Bxd8 32.f4 Nd5 33.Bf2 Ke6 34.Kf3 Bb6 35.c4 Nxf4 36.gxf4 Ba5
37.Bd4 b5 38.Ke3 Bc7 39.Bf3 g5 40.fxg5 fxg5 41.Bxc6 b4 42.Ke4 h5 43.Bd5+ Kd7
44.Kf5 g4 45.hxg4 hxg4 46.Kxg4  0-1

[Event "Landesliga Nord 9899"]
[Site "Bayern"]
[Date "1999.??.??"]
[Round "?"]
[White "Dietrich, Reinhard"]
[Black "Stauch, Frank"]
[Result "0-1"]
[WhiteElo "2045"]
[BlackElo "2055"]

1.e4 g6 2.d4 Bg7 3.Nc3 c6 4.Nf3 d5 5.h3 Nf6 6.Bd3 dxe4 7.Nxe4 Nxe4 8.Bxe4 Nd7
9.O-O O-O 10.Re1 Qb6 11.a4 a5 12.c3 e6 13.Qe2 Qc7 14.Bg5 b6 15.Qe3 Bb7 16.Bc2 c5
17.Rad1 Rac8 18.dxc5 Nxc5 19.Bf4 e5 20.Bxe5 Bxe5 21.Nxe5 Rce8 22.Qg3 Re6
23.b4 axb4 24.cxb4 Rfe8 25.bxc5 Qxc5 26.Bb3 Rxe5 27.Rxe5 Rxe5 28.Rd7 Bxg2
29.Rxf7 Bd5 30.Qxe5 Qc1+ 31.Kh2 Qh1+ 32.Kg3 Qg2+ 33.Kh4 Bxf7 34.Qe8+ Kg7
35.Qxf7+ Kh6 36.Qf4+ g5+ 37.Qxg5+ Qxg5+  0-1

[Event "Landesliga Sued 9899"]
[Site "Bayern"]
[Date "1999.??.??"]
[Round "?"]
[White "Tuchenhagen, Axel"]
[Black "Buchweitz, Joerg"]
[Result "0-1"]
[WhiteElo "2125"]
[BlackElo "2115"]

1.d4 g6 2.e4 Bg7 3.Nc3 c6 4.Nf3 d5 5.e5 Nh6 6.h3 f6 7.Bf4 O-O 8.Qd2 Nf7 9.O-O-O fxe5
10.dxe5 Be6 11.Qe3 Qb6 12.Nd4 Nd8 13.Bg5 Rf7 14.f4 Bc8 15.Qd2 Ne6 16.Nxe6 Bxe6
17.Na4 Qc7 18.Nc5 Bc8 19.g4 b6 20.Nd3 Na6 21.Bh4 Nc5 22.Bg2 Be6 23.Nf2 Raf8
24.Bg3 Bh6 25.g5 Bg7 26.h4 h5 27.Rde1 Bf5 28.Rhg1 Ne6 29.Bh2 Kh7 30.Bf3 Nxf4
31.Bxf4 Bxc2 32.Qxc2 Rxf4 33.Bxh5 Rc4 34.Bxg6+ Kh8 35.Qxc4 dxc4 36.Ng4 Qd7
37.h5 Qe6 38.Bc2 Rf4 39.h6 Rxg4 40.hxg7+ Kxg7 41.Rxg4 Qxg4 42.g6 b5 43.Kb1 b4
44.Ka1 a5 45.Bb1 Qd4 46.Re4 Qc5 47.Re1 a4 48.e6 c3 49.Bc2 cxb2+ 50.Kb1 b3
51.axb3 Qa3  0-1

[Event "Landesliga Nord 9899"]
[Site "Bayern"]
[Date "1999.??.??"]
[Round "?"]
[White "Deckert, Marc"]
[Black "Strube, Frank"]
[Result "1-0"]
[WhiteElo "2100"]
[BlackElo "2230"]

1.e4 g6 2.d4 Bg7 3.Nc3 c6 4.Bf4 d6 5.Be2 Qb6 6.Qd2 Qxd4 7.Bd3 Qb6 8.O-O-O Nf6
9.f3 Be6 10.Nge2 Nbd7 11.g4 Nc5 12.Nd4 Na4 13.Nxa4 Qxd4 14.Nc3 Nd7 15.a3 Qb6
16.Be2 Qa5 17.Nb1 Qxd2+ 18.Nxd2 O-O-O 19.Be3 Kc7 20.f4 f5 21.exf5 gxf5 22.h3 Rhf8
23.Rhg1 Bh8 24.Nf3 Nb6 25.Bd3 Nd5 26.Rde1 Bc8 27.Bd2 e5 28.fxe5 fxg4 29.exd6+ Rxd6
30.Ne5 gxh3 31.Bxh7 Rf2 32.Nd3 Rf8 33.c4 Nf6 34.Bf4 Nh5 35.Bh2 Kd7 36.Nc5+ Kc7
37.Re7+ Kb6 38.Bxd6 Bd4 39.Na4+ Ka5 40.Bb4+ Ka6 41.Rg5  1-0

[Event "Regionalliga NW9899"]
[Site "Bayern"]
[Date "1999.??.??"]
[Round "?"]
[White "Schnell, Manfred"]
[Black "Scheidt, Karl Heinz"]
[Result "1-0"]
[WhiteElo "2030"]
[BlackElo "2045"]

1.e4 g6 2.d4 Bg7 3.Nc3 c6 4.Bc4 d6 5.Qf3 e6 6.Nge2 Nd7 7.a4 a5 8.Bf4 Qe7
9.Qg3 e5 10.Be3 Ngf6 11.f3 O-O 12.O-O Kh8 13.Rad1 Nh5 14.Qf2 f5 15.exf5 gxf5
16.f4 e4 17.Ng3 Nxg3 18.Qxg3 d5 19.Be2 Qb4 20.Qe1 Qxb2 21.Rb1 Qa3 22.Rb3 Qe7
23.Nd1 c5 24.c3 c4 25.Rb5 Nf6 26.Bc1 Ra7 27.Ne3 Qd6 28.Nc2 Rg8 29.Ba3 Qd8
30.Bc5 Ra6 31.Qb1 Nd7 32.Ne3 Bf8 33.Bxf8 Nxf8 34.Rxd5 Qf6 35.Bxc4 Rb6 36.Rb5 Rg6
37.Rxb6 Qxb6 38.Qxb6 Rxb6 39.Bb5 Rf6 40.g3 Ng6 41.Rd1 Nf8 42.Nc4 b6 43.Ne5 Bb7
44.Kf2 Kg7 45.Ke3 Rd6 46.Nc4 Rh6 47.Rd2 Bd5 48.Ne5 Rd6 49.c4 Bb7 50.c5 bxc5
51.dxc5 Rxd2 52.Kxd2 Ne6 53.c6 Bc8 54.Nc4 Kf6 55.Nb6  1-0

[Event "JUG-ch"]
[Site "Belgrade"]
[Date "1999.??.??"]
[Round "2"]
[White "Kovacevic, Aleksandar"]
[Black "Tosic, Miroslav"]
[Result "1-0"]
[WhiteElo "2465"]
[BlackElo "2517"]

1.e4 g6 2.d4 Bg7 3.Nc3 c6 4.f4 d6 5.Nf3 Bg4 6.Be3 Qb6 7.Qd2 Qxb2 8.Rb1 Qa3
9.Rxb7 Bc8 10.Rb3 Qa5 11.Bd3 Nf6 12.h3 O-O 13.O-O Nbd7 14.e5 Ne8 15.Be4 Qa6
16.Qf2 e6 17.Bd2 Rb8 18.Bd3 Qa5 19.exd6 Rxb3 20.axb3 Qa3 21.Ne5 Qxd6 22.Ne4 Qc7
23.Bb4 Ndf6 24.Bxf8 Bxf8 25.Nc5 Nd6 26.Ra1 Nd5 27.Ba6 h5 28.Bxc8 Nxc8 29.c4 Nb4
30.g4 hxg4 31.hxg4 a5 32.Kg2 Bg7 33.Rh1 g5 34.fxg5 Bxe5 35.dxe5 Qxe5 36.g6 Nd6
37.gxf7+ Nxf7 38.Rf1 Qg7 39.Nxe6 Qxg4+ 40.Qg3 Ne5 41.Qxg4+ Nxg4 42.Rf8+ Kh7
43.Kf3 Ne5+ 44.Ke4 Ned3 45.Kf5 Nc2 46.Kf6  1-0

[Event "Bristol op"]
[Site "Bristol"]
[Date "1999.??.??"]
[Round "5"]
[White "Mordue, A Tyson"]
[Black "Phillips, Roy"]
[Result "1-0"]
[WhiteElo "2265"]
[BlackElo "2245"]

1.e4 g6 2.d4 Bg7 3.Nc3 c6 4.Be2 d5 5.e5 f6 6.f4 Qb6 7.Nf3 Bg4 8.h3 Bxf3 9.Bxf3 Nh6
10.Ne2 O-O 11.Qd3 fxe5 12.fxe5 Na6 13.c3 e6 14.b4 Nf5 15.h4 Qb5 16.Qxb5 cxb5
17.h5 gxh5 18.Rxh5 Rf7 19.Bd2 Nc7 20.a4 bxa4 21.Rxa4 a6 22.Rh3 Ne7 23.Nf4 Bh8
24.Nh5 Ng6 25.Bg5 Raf8 26.Kd2 Rf5 27.Be3 R5f7 28.Ra1 Nb5 29.Bg4 Nc7 30.Be2 Ne7
31.Bh6 Rc8 32.Rg3+ Ng6 33.Rh1 Na8 34.Nf4 Rxf4 35.Bxf4 Bg7 36.Bh6 Nb6 37.Bxg7 Kxg7
38.Bd3 Nc4+ 39.Ke2 Rg8 40.Rf1 Nb6 41.Rf6 Nd7 42.Rxe6 Kf7 43.Bxg6+ hxg6 44.Rd6  1-0

[Event "Radulescu Memorial"]
[Site "Calimanesti"]
[Date "1999.??.??"]
[Round "2"]
[White "Nanu, Ciprian"]
[Black "Sanduleac, Vasile"]
[Result "1-0"]
[WhiteElo "2420"]
[BlackElo "2443"]

1.e4 g6 2.d4 Bg7 3.Nc3 c6 4.Bc4 d6 5.Nf3 Nf6 6.Bb3 O-O 7.O-O Bg4 8.h3 Bxf3
9.Qxf3 Nbd7 10.Bg5 Qa5 11.Bh4 Rae8 12.Rad1 Qh5 13.Qxh5 Nxh5 14.Ne2 Bf6 15.Bxf6 Nhxf6
16.f3 Rc8 17.c3 c5 18.Kf2 b5 19.Ke3 a5 20.a3 Nb6 21.g4 Nfd7 22.Rb1 Nc4+ 23.Bxc4 bxc4
24.b4 cxb3 25.Rxb3 cxd4+ 26.cxd4 e5 27.d5 Nc5 28.Rb6 Rfd8 29.Rfb1 Kf8 30.Nc3 Ke7
31.R1b5 Rd7 32.Rc6 Rdc7 33.Rbxc5  1-0

[Event "Radulescu Memorial"]
[Site "Calimanesti"]
[Date "1999.??.??"]
[Round "6"]
[White "Ardeleanu, Alin"]
[Black "Sanduleac, Vasile"]
[Result "1/2-1/2"]
[WhiteElo "2420"]
[BlackElo "2443"]

1.e4 g6 2.d4 Bg7 3.Nc3 c6 4.Nf3 d5 5.h3 dxe4 6.Nxe4 Nd7 7.Bd3 Ngf6 8.Qe2 O-O
9.O-O Nxe4 10.Qxe4 Re8 11.Qh4 Nf8 12.Bh6 Qd6 13.a3 Bxh6 14.Qxh6 Qf6 15.Rfe1 Be6
16.Qg5 Qxg5 17.Nxg5 Rad8 18.Nxe6 Nxe6 19.c3 Nf4 20.Bf1 e6 21.g3 Nd5 22.Re5 Kf8
23.Rae1 Re7 24.h4 h5 25.Bg2 Rc7 26.f4 Ne7 27.Kf2 Nf5 28.a4 Ke7 29.a5 Kf6
30.Rc5 Ne7 31.Rce5 Nf5 32.Bf3 Rh8 33.Ra1 Ke7 34.Bg2 Rd8 35.Rc5 Kd6 36.Re5 Ke7
37.Rae1 Kf6  1/2-1/2

[Event "Radulescu Memorial"]
[Site "Calimanesti"]
[Date "1999.??.??"]
[Round "11"]
[White "Solak, Dragan"]
[Black "Iordachescu, Viorel"]
[Result "1/2-1/2"]
[WhiteElo "2460"]
[BlackElo "2539"]

1.e4 g6 2.d4 Bg7 3.Nc3 c6 4.Nf3 d6 5.Be2 Nf6 6.O-O O-O 7.Re1 Nbd7 8.Bf4 Qa5
9.Nd2 Qc7 10.a4 e5 11.dxe5 dxe5 12.Be3 Rd8 13.a5 Nf8 14.f3 h5 15.b4 Kh7 16.Qc1 Ne6
17.b5 Bh6 18.Bxh6 Kxh6 19.b6 Qe7 20.Nc4+ Kg7 21.Qa3 Qxa3 22.Rxa3 Nd4 23.Bd3 Be6
24.Nxe5 axb6 25.Rb1 b5 26.Ne2 Nxe2+ 27.Bxe2 Nd7 28.Nxd7 Rxd7 29.Bd3 b6 30.Rc3 bxa5
31.Rxc6 b4 32.Kf2 a4 33.Ke3 a3 34.Rb6 a2 35.Ra1 Ra4 36.h4 Rc7 37.Kd2 Kf8
38.f4 Bc4 39.g3 Ke7 40.e5 Rd7 41.Rd6 Rc7 42.Rb6 Ke8 43.Rb8+ Kd7 44.Rb6 Ke7
45.Rd6 b3 46.Bxc4 Raxc4 47.cxb3 Rc2+ 48.Ke3 Rb2 49.Ra6 Rcc2 50.Kd4 Rg2 51.Kd5 Rbd2+
52.Kc5 Rxg3 53.R1xa2 Rxa2 54.Rxa2 Rxb3 55.Ra7+ Kf8 56.Ra8+ Kg7 57.Ra7 Rf3
58.e6 Kf6 59.exf7 Kg7 60.Kd5 Rxf4 61.Ke5 Rxf7 62.Rxf7+ Kxf7  1/2-1/2

[Event "Radulescu Memorial"]
[Site "Calimanesti"]
[Date "1999.??.??"]
[Round "13"]
[White "Solak, Dragan"]
[Black "Sanduleac, Vasile"]
[Result "1/2-1/2"]
[WhiteElo "2460"]
[BlackElo "2443"]

1.e4 g6 2.d4 Bg7 3.Nc3 c6 4.Bc4 d6 5.Qf3 e6 6.Nge2 Nf6 7.Bg5 Nbd7 8.Bb3 e5
9.Rd1 Qe7 10.O-O h6 11.Be3 Nf8 12.h3 Ne6 13.Qg3 Nh5 14.Qh2 O-O  1/2-1/2

[Event "Cannes"]
[Site "Cannes"]
[Date "1999.??.??"]
[Round "1"]
[White "Mohebbi, Jafar"]
[Black "Pass, Deborah"]
[Result "1-0"]
[WhiteElo "2325"]
[BlackElo "2021"]

1.d4 g6 2.e4 Bg7 3.Nc3 c6 4.Nf3 d5 5.Bd3 Bg4 6.h3 Bxf3 7.Qxf3 dxe4 8.Nxe4 Qxd4
9.O-O Nf6 10.Be3 Qd8 11.Rad1 Nbd7 12.Bc4 O-O 13.Bb3 Qc7 14.c3 Nxe4 15.Qxe4 Nf6
16.Qf3 a5 17.Rfe1 a4 18.Bc2 Nd5 19.Bd4 e5 20.Bc5 Rfe8 21.c4 Nf4 22.Qe3 Re6
23.Rd2 b5 24.Red1 Rae8 25.Rd7 Qa5 26.Ra7  1-0

[Event "Cannes"]
[Site "Cannes"]
[Date "1999.??.??"]
[Round "4"]
[White "Gallagher, Joseph G"]
[Black "Djuric, Stefan"]
[Result "0-1"]
[WhiteElo "2519"]
[BlackElo "2517"]

1.e4 g6 2.d4 Bg7 3.Nc3 c6 4.Nf3 d6 5.Be3 Nf6 6.Qd2 O-O 7.Bh6 e5 8.Bd3 Qe7
9.dxe5 dxe5 10.h3 Nbd7 11.Ne2 Nc5 12.Bxg7 Kxg7 13.Ng3 Re8 14.O-O b6 15.Rfe1 Nxd3
16.cxd3 c5 17.b4 cxb4 18.d4 Nd7 19.Rac1 a5 20.Rc7 Qf6 21.Rec1 Qf4 22.Qb2 exd4
23.Nxd4 Kg8 24.Nc6 Nc5 25.Ne7+ Rxe7 26.Rxe7 Kf8 27.Ne2 Qd6 28.Re5 Bb7 29.Nf4 Rd8
30.Rd5 Bxd5 31.Nxd5 f6  0-1

[Event "Ceske Budejovice op"]
[Site "Ceske Budejovice"]
[Date "1999.??.??"]
[Round "9"]
[White "Hladik, Lumir"]
[Black "Karlik, Vladimir"]
[Result "0-1"]
[WhiteElo "2015"]
[BlackElo "2320"]

1.d4 g6 2.e4 Bg7 3.Nc3 c6 4.Be3 d5 5.Qd2 dxe4 6.Nxe4 Nd7 7.Nf3 Ngf6 8.Ng3 O-O
9.c3 Ng4 10.Bf4 e5 11.dxe5 Ndxe5 12.Nxe5 Nxe5 13.Be2 Qxd2+ 14.Kxd2 Be6 15.Kc2 Bd5
16.f3 f5 17.Rhe1 Rfe8 18.Rad1 a5 19.a4 Nd7 20.Nf1 Nc5 21.c4 Be6 22.b3 Na6
23.Bd2 Nb4+ 24.Bxb4 axb4 25.Bd3 b5 26.cxb5 cxb5 27.Bxb5 Rec8+ 28.Kb1 Bxb3
29.Rc1 Bc3 30.Rxc3 bxc3 31.Ne3 Rcb8 32.Kc1 Rxb5  0-1

[Event "CUB-ch (Women)"]
[Site "CUB"]
[Date "1999.??.??"]
[Round "?"]
[White "Fleitas, Yuleikis"]
[Black "Fandino, Roquelina"]
[Result "0-1"]
[WhiteElo "2130"]
[BlackElo "2187"]

1.e4 g6 2.d4 Bg7 3.Nc3 c6 4.Nf3 d5 5.h3 Nh6 6.Bd3 O-O 7.O-O dxe4 8.Nxe4 Nf5
9.c3 Nd7 10.Bf4 Nb6 11.Re1 Nd5 12.Bh2 Nd6 13.Ne5 Nxe4 14.Bxe4 Be6 15.c4 Nb6
16.b3 f6 17.Nxc6 bxc6 18.Bxc6 Bf7 19.Bxa8 Nxa8 20.d5 Nb6 21.Qd4 e5 22.Qd2 g5
23.a4 Re8 24.a5 Nc8 25.Qe3 Bf8 26.Qc3 Bc5 27.Rad1 Qd6 28.Re2 Bh5 29.g4 Bg6
30.Ra2 Ne7 31.Ra4 Nc6 32.Kh1 Bxf2 33.Qf3 Bc2 34.Rc1 Nd4 35.Qxf2 Bxb3 36.Raa1 Qb4
37.Rab1 Qa3 38.Qb2 Qxa5 39.c5 Bxd5+ 40.Kg1 Nf3+ 41.Kf2 Nxh2 42.Ra1 Qc7 43.Qb5 Rd8
44.Ra6 e4 45.Rxf6 Nxg4+ 46.hxg4 Qh2+ 47.Ke1 Qg1+  0-1

[Event "CZE-ch U18-20"]
[Site "CZE"]
[Date "1999.??.??"]
[Round "1"]
[White "Stastny, Jan"]
[Black "Simacek, Pavel"]
[Result "1-0"]
[WhiteElo "2170"]
[BlackElo "2380"]

1.e4 g6 2.d4 Bg7 3.Nc3 c6 4.Nf3 d5 5.h3 a6 6.Bd3 f6 7.O-O Nh6 8.Bxh6 Bxh6
9.Qe2 e6 10.exd5 cxd5 11.Na4 Qd6 12.b3 Nc6 13.c4 dxc4 14.bxc4 Nxd4 15.Nxd4 Qxd4
16.Rfd1 Qa7 17.c5 O-O 18.Nb6 Rb8 19.Bc4 Re8 20.Rd6 Kg7 21.Rad1 e5 22.Qf3 Bg5
23.Qd5 Rf8 24.Rd8 Bf5 25.Qd6 Rbxd8 26.Qe7+ Kh6 27.Rxd8 Rxd8 28.Qxd8 Bc1 29.g4 Ba3
30.Qxf6 Bxc5 31.Be2 Bxg4 32.hxg4  1-0

[Event "Moravia-chT 9899"]
[Site "CZE"]
[Date "1999.??.??"]
[Round "6"]
[White "Berzinsh, Roland"]
[Black "Karlik, Vladimir"]
[Result "1/2-1/2"]
[WhiteElo "2425"]
[BlackElo "2320"]

1.e4 g6 2.d4 Bg7 3.Nc3 c6 4.Nf3 d6 5.Be2 Nf6 6.O-O O-O 7.Re1 Nbd7 8.Bf4 Re8
9.a4 Qc7 10.h3 e5 11.dxe5 dxe5 12.Be3 Bf8 13.Bc4 Nc5 14.Ng5 Ne6 15.Qf3 Bg7
16.a5 Nxg5 17.Bxg5 Be6 18.Bf1 Nd7 19.Red1 Bf8 20.Ne2 b5 21.Qc3 Nc5 22.Qe3 a6
23.Ng3 Nb7 24.Bf6 h6 25.b4 c5 26.c3 Bb3 27.Rdb1 Be6 28.Bd3 cxb4 29.cxb4 Bc4
30.Bxc4 Qxc4 31.Qf3 Rac8 32.Nf1 Nd6  1/2-1/2

[Event "EU-ch Union SCIPT"]
[Site "DEN"]
[Date "1999.??.??"]
[Round "2"]
[White "Van Gool, Henk"]
[Black "Jakobsen, Brandur"]
[Result "0-1"]
[WhiteElo "2185"]
[BlackElo "2270"]

1.e4 g6 2.d4 Bg7 3.Nc3 c6 4.Bc4 b5 5.Bb3 d6 6.Qf3 e6 7.Nge2 Nd7 8.Bf4 b4
9.Na4 Qe7 10.O-O Bb7 11.Qg3 e5 12.dxe5 dxe5 13.Be3 Ngf6 14.f3 O-O 15.Qf2 Ba6
16.Rfe1 Rfc8 17.Nc5 Bb5 18.a4 bxa3 19.c4 axb2 20.Rab1 Nxc5 21.Bxc5 Qe6 22.Rxb2 Bxc4
23.Bxc4 Qxc4 24.Rc1 Qa6 25.Ng3 Nd7 26.Be3 c5 27.Rd1 Qc6 28.Ne2 a5 29.Nc3 a4
30.Rbd2 Nf8 31.Rd6 Qc7 32.Bg5 Kh8 33.Qh4 Qa5 34.Nd5 Ra6 35.Bd8 Qb5 36.Nc7 Rxd6
37.Rxd6 Qb8 38.Qe7 a3 39.Ne8 a2 40.Qxf7 a1=Q+ 41.Kf2 Qaa7  0-1

[Event "DEN-chT 9899"]
[Site "Denmark"]
[Date "1999.??.??"]
[Round "4"]
[White "Pedersen, Jan"]
[Black "Christensen, Tobias"]
[Result "0-1"]
[WhiteElo "2365"]
[BlackElo "2370"]

1.e4 g6 2.d4 Bg7 3.Nc3 c6 4.Bc4 d6 5.Qf3 d5 6.exd5 Nf6 7.h3 O-O 8.Nge2 b5
9.Bb3 b4 10.Ne4 Nxd5 11.O-O Nd7 12.a3 e5 13.Bg5 Qb6 14.Nd6 exd4 15.Bxd5 Ne5
16.Bxf7+ Nxf7 17.Nxc8 Raxc8 18.Bc1 a5 19.axb4 axb4 20.Nf4 Kh8 21.Qb3 c5 22.Bd2 Ne5
23.Nd3 Rf5 24.Nxe5 Bxe5 25.Rae1 Qd6 26.Re4 Rcf8 27.Bh6 Bg7 28.Bxg7+ Kxg7
29.Qe6 Qb8 30.Qd7+ R8f7 31.Re7 Qf4 32.Rxf7+ Rxf7 33.Qe6 h5 34.f3 Kh7 35.Re1 Kg7
36.Qe5+ Qxe5 37.Rxe5 Rc7 38.b3 Kf6 39.Rd5 Ke6 40.Rg5 Kf6 41.f4 c4 42.Rb5 d3
43.Rb6+ Kf5 44.g4+ hxg4 45.hxg4+ Kxf4 46.Rf6+ Ke3 47.Re6+  0-1